| 000 | 00000nam 2200000zi 4500 |
| 001 | 9.935764 |
| 003 | CaOODSP |
| 005 | 20241223105457 |
| 006 | m o d f |
| 007 | cr mn||||||||| |
| 008 | 240321t20242024onca o f000 0 spa d |
| 020 | |a9780660708836 |q(PDF) |
| 040 | |aCaOODSP|bfre|erda|cCaOODSP |
| 043 | |an-cn--- |
| 086 | 1 |aH14-581/2024Spa-PDF |
| 245 | 00|aPrevención y tratamiento de la sífilis : |bconsejos para organizaciones comunitarias. |
| 250 | |a[Édition espagnole]. |
| 264 | 1|a[Ottawa] : |b[Agence de santé publique du Canada], |c[2024] |
| 264 | 4|c©2024 |
| 300 | |a1 ressource en ligne (2 pages non numérotées) : |billustrations en couleur |
| 336 | |atexte|btxt|2rdacontent/fre |
| 337 | |ainformatique|bc|2rdamedia/fre |
| 338 | |aressource en ligne|bcr|2rdacarrier/fre |
| 500 | |aPublié aussi en français sous le titre : Prévention et traitement de la syphilis : conseils pour les organismes communautaires; et en anglais sous le titre : Syphilis prevention and care: tips for community-based organizations. |
| 500 | |a« Pub: 230892 » -- Page [2]. |
| 546 | |aTexte en espagnol. |
| 650 | 6|aSyphilis|zCanada|xPrévention. |
| 650 | 6|aSyphilis|xTraitement|zCanada. |
| 710 | 2 |aAgence de santé publique du Canada, |eorganisme de publication. |
| 775 | 08|tPrévention et traitement de la syphilis : |w(CaOODSP)9.933993 |
| 791 | |tPrevención y tratamiento de la sífilis : |eeng|w(CaOODSP)9.935587 |
| 856 | 40|qPDF|s232 Ko|uhttps://publications.gc.ca/collections/collection_2024/aspc-phac/H14-581-2024-spa.pdf |
| 986 | |a230892 |